千葉ロッテマリーンズ 育成出身選手 - Statistics

General Stats
  • This quiz has been taken 28 times
  • The average score is 6 of 18
Answer Stats
育成入団年度 支配下登録年 背番号 解答 % Correct
2017年 2020年 63 和田康士朗
82%
2015年 2016年 99→55 柿沼友哉
68%
2020年 2023年 61 山本大斗
68%
2008年 2009年 66 岡田幸文
59%
2008年 2012年 67→29 西野勇士
55%
2008年 2009年 99 ムニス
36%
2019年 2021年 95→45 植田将太
32%
2013年 2015年 69 肘井竜蔵
27%
2015年 2016年 68 大木貴将
27%
2019年 2021年 49→121 本前郁也
27%
2010年 2013年 43 黒沢翔太
23%
2019年 2020年 86→76 フローレス
23%
2008年 2012年 69 角晃多
18%
2020年 2022年 50 小沼健太
18%
2009年 2010年 57 山室公志郎
14%
2017年 2021年 62→122 森遼大朗
14%
2020年 2022年 64 佐藤奨真
14%
2007年 2009年 64 宮本裕司
9%
No matching quizzes found
Score Distribution
Percent of People with Each Score
Percentile by Number Answered
Your Score History
You have not taken this quiz